[Event "ESP-ch Seniors 2017"]
[Site "Altea"]
[Date "2017.10.13"]
[Round "7"]
[White "Fernandez Hernandez, Gerardo"]
[Black "Cantero Navarro, Antonio"]
[Result "1-0"]
[WhiteElo "2178"]
[BlackElo "2153"]
[Annotator "TA"]
[PlyCount "131"]
[EventDate "2017.??.??"]
[EventType "swiss"]
[EventCountry "ESP"]
[SourceTitle "playchess.com"]
[Source "ChessBase"]
[SourceQuality "1"]

{[%evp 18,131,54,45,46,40,44,29,59,43,74,81,108,105,105,98,98,90,125,103,193,203,176,119,117,81,210,222,221,218,208,245,248,191,402,263,312,153,287,144,127,-124,-112,-111,-105,-100,-101,-114,-113,-202,-210,-235,-237,-233,-209,-313,-295,-345,-337,-403,-348,-447,-442,-521,-328,-323,0,-160,-151,-330,-330,-444,-302,-277,-296,-389,45,45,131,131,277,277,277,277,277,277,277,269,269,269,6087,3444,6074,5310,29978,154,1800,1685,1440,0,1384,0,29978,29979,29979,29980,29991,29992,29992,29993,29993,29994,29994,29992,29995,29996]} 1. e4 c5 2. d3 Nc6 3. g3 g6 4. Bg2 Bg7 5. f4 d6 6. Nf3 Nf6 7. O-O O-O 8. h3 c4 {B20: Sicilian: Unusual White 2nd moves} (8... b5 9. Nc3 b4 10. Ne2 Bb7 11. g4 Nd7 12. Ng3 e6 13. Kh2 d5 14. Qe2 Qc7 15. Qf2 Ne7 16. Re1 {1-0 (51) Movsesian,S (2723)-Shomoev,A (2561) Pardubice 2010}) 9. Nc3 cxd3 10. cxd3 {LiveBook: 9 Games} Rb8 {White is slightly better.} 11. g4 $146 ({Predecessor:} 11. Be3 e5 12. Kh2 exf4 13. Bxf4 h6 14. Qd2 Kh7 15. Rf2 b5 16. Raf1 {0-1 (31) Moser,E (2447)-Ghaem Maghami,E (2558) Mallorca 2004}) 11... e6 12. Be3 b5 13. Rf2 d5 {Threatens to win with ...d4.} 14. Bc5 Re8 15. e5 $1 {[%cal Re5f6]} Nd7 16. Bd6 Rb6 17. Rc1 $36 {[%mdl 2048] White is really pushing.} Bb7 18. a4 bxa4 (18... a6 $16) 19. Nxa4 $18 Ra6 20. b4 (20. d4 $18) 20... Nd4 $16 21. Bc7 Nxf3+ (21... Qe7 $16 {keeps fighting.}) 22. Bxf3 $18 Qh4 23. b5 $1 {[%cal Rb5a6]} Rxa4 24. Qxa4 Qg3+ 25. Kf1 {aiming for b6.} Ra8 $2 (25... Bf8) 26. Ke2 g5 27. h4 ({Less strong is} 27. fxg5 Bxe5 28. Rg2 Qh4 $18) (27. Bd6 $18) 27... Qxh4 (27... gxf4 $16 28. Rh1 Bxe5) 28. Rh1 (28. Bd6 $1 $18) 28... Qg3 $16 29. Rfh2 $2 {[%mdl 8192] [#]} (29. fxg5 $16 {keeps the pressure on.} Nc5 30. Qd4) 29... Rc8 $1 $17 {[%cal Rc8c7]} 30. Rh3 Qxf4 31. Qxf4 gxf4 32. Bd6 Nxe5 {And now ...Rc2+ would win.} 33. Bxe5 (33. d4 $17 Ng6 34. Bc5) 33... Bxe5 $19 34. Rxh7 Rc2+ 35. Kd1 Rb2 36. R7h5 (36. g5 $142) 36... Bd4 37. R5h2 {and the idea Rxb2 leaves White hopeful.} Rxb5 38. Rc2 a5 39. Ra2 e5 40. Rh5 Rc5 41. Rc2 Rb5 $2 (41... Rxc2 $19 42. Kxc2 Kg7) 42. Rg5+ $2 (42. Ra2 $1 $11 Rb3 43. Rd2) 42... Kf8 $17 {...e4 is the strong threat.} 43. Rf5 $2 {[#]} (43. Rc7 $17 {was the only chance.}) 43... Rb1+ $1 $19 44. Ke2 {intending Rc7.} Rb2 45. Rxb2 Bxb2 {[%mdl 4096] Endgame KRB-KB} 46. Rf6 {Strongly threatening Rb6.} e4 $2 (46... Bd4 $19 47. Rd6 Ke7 48. Rxd5 Bxd5 49. Bxd5 f6) 47. Rb6 $14 exf3+ ({Black should try} 47... a4 $14 48. Rxb2 Ba6) 48. Kxf3 $16 Bc1 (48... Bd4 $16 49. Rxb7 Be3) 49. Rxb7 $18 {KR-KB} Be3 50. Rb5 d4 51. Rxa5 Kg7 52. Ke4 Kf6 53. Rb5 Ke6 $2 (53... Kg6 54. Rb6+ Kg7) 54. Rf5 Ke7 55. Ke5 Ke8 56. Kd6 $2 (56. Kf6 {mates} Kf8 57. g5 Kg8 58. Re5 f3 59. Re8+ Kh7 60. Re5 Kg8 61. Re8+ Kh7 62. Rf8) 56... Bd2 $2 (56... Kf8 $16 57. Rf6 Ke8) 57. Rb5 {[%cal Rb5b8]} Kf8 58. Rf5 Ke8 $1 59. Ke5 (59. Rh5 $18 Kf8 60. Ke5) 59... Be3 60. Kf6 {White mates.} Kf8 61. Ra5 {[%cal Ra5a8]} Kg8 62. Ra8+ Kh7 63. Kxf7 f3 64. Ra5 f2 65. Rh5+ Bh6 66. Rh1 {Precision: White = 43%, Black = 37%.} 1-0

[Event "ESP-ch Seniors 2017"]
[Site "Altea"]
[Date "2017.10.13"]
[Round "7"]
[White "Brusi Noguera, Ricardo Ll"]
[Black "Clari Mascarell, Jose Javier"]
[Result "1/2-1/2"]
[WhiteElo "2156"]
[BlackElo "2047"]
[Annotator "TA"]
[PlyCount "88"]
[EventDate "2017.??.??"]
[EventType "swiss"]
[EventCountry "ESP"]
[SourceTitle "playchess.com"]
[Source "ChessBase"]
[SourceQuality "1"]

{[%evp 26,88,24,29,38,0,0,0,0,-7,0,0,0,0,0,0,0,0,0,0,0,0,0,0,0,0,0,0,0,0,0,0,0,0,-15,-121,-1,-194,0,-2,0,-200,0,-19,0,-236,0,0,0,0,0,0,0,0,0,0,0,0,0,0,0,0,0,0,0]} 1. d4 e6 2. c4 f5 3. Nf3 Nf6 4. e3 d5 5. Bd3 c6 6. O-O Bd6 7. b3 Qe7 8. Bb2 O-O 9. Qc1 b6 10. Ba3 Bb7 11. Bxd6 Qxd6 12. Qb2 {A84: Holländische Verteidigung} Nbd7 13. Nc3 Ne4 14. Ne2 {LiveBook: 11 Partien. Weiß hat minimalen Vorteil.} Qe7 (14... c5 15. Rfd1 Rad8 16. Rac1 Kh8 17. Nf4 {½-½ (65) Laznicka,V (2688)-Tregubov,P (2598) Aix les Bains 2011}) 15. Ne5 $146 ({Vorgänger:} 15. b4 Rab8 16. cxd5 exd5 17. Rab1 Rfe8 18. a4 g6 19. Qa2 a6 {0-1 (33) Bellegotti,M (2436)-Elent,M (2443) ICCF email 2011}) 15... Nxe5 16. dxe5 Nc5 17. Rfd1 Nxd3 18. Rxd3 dxc4 19. bxc4 Rfd8 20. Rad1 Rxd3 21. Rxd3 Rd8 22. Qd2 Rxd3 23. Qxd3 c5 $40 {[%mdl 128] Schwarz greift an.} 24. Nc3 Bc6 25. f4 Qb7 26. g3 Kf7 27. Nb5 Bxb5 28. cxb5 $11 {[%mdl 4096] Endspiel KD-KD} Qc7 29. Qc4 Qd7 30. Qa4 (30. Kf1 $11 {bleibt in der Remisbreite.}) 30... Kg6 ({Günstiger ist} 30... a5 $17 {Weiss muss nun ...Dd3 beachten.} 31. Qc2 Qxb5) 31. h3 $2 (31. Qc4 $11) 31... h5 $2 (31... Qd2 $19 32. Qc4 Kf7) 32. Qb3 Kf7 33. Qa4 $2 {[#]} (33. Kf1 $11 {und Weiss steht sicher.}) 33... Qc7 $2 (33... a6 $1 $19 {[%mdl 512]} 34. Qxa6 c4) 34. Qc4 Qb7 {zielt auf ...Df3 ab.} 35. g4 $2 (35. Kf2 $11) 35... Qf3 $2 ({Viel schwächer ist} 35... hxg4 36. hxg4 fxg4 37. Qe2 $17) ({Besser ist} 35... fxg4 $19 {...Df3 ist eine echte Drohung.} 36. hxg4 h4) 36. gxf5 {Die Stellung ist ausgeglichen.} Qg3+ 37. Kf1 Qxh3+ 38. Kf2 {Und weiter mit Dxe6+ wäre nett.} Qxf5 {Droht stark ...g5.} 39. Qa4 Kg6 {Droht ...h4 und aus.} 40. Qxa7 Qc2+ 41. Kf3 $1 Qd1+ 42. Kf2 Qd2+ 43. Kf3 Qd1+ 44. Kf2 Qd8 {Precision: Weiß = 52%, Schwarz = 47%.} 1/2-1/2

[Event "ESP-ch Seniors 2017"]
[Site "Altea"]
[Date "2017.10.13"]
[Round "7"]
[White "Simon Padros, Emili"]
[Black "Pastor Alonso De Prado, Alberto"]
[Result "1-0"]
[WhiteElo "2153"]
[BlackElo "2131"]
[Annotator "TA"]
[PlyCount "71"]
[EventDate "2017.??.??"]
[EventType "swiss"]
[EventCountry "ESP"]
[SourceTitle "playchess.com"]
[Source "ChessBase"]
[SourceQuality "1"]

{[%evp 9,71,-8,18,26,82,74,97,17,63,54,60,56,55,56,59,50,61,18,30,40,40,34,16,25,74,66,66,60,79,79,79,38,85,68,56,-53,58,-13,125,83,79,75,75,73,74,81,158,152,292,272,368,322,310,240,327,268,556,395,488,531,674,650,29998,29999]} 1. e4 c6 2. d4 d5 3. e5 c5 4. dxc5 e6 5. a3 Qc7 (5... Bxc5 6. b4 Be7 7. Nf3 a5 8. bxa5 Nc6 9. Bd3 Qxa5+ 10. Bd2 Qc7 11. O-O f6 12. exf6 Nxf6 {1-0 (33) Kravtsiv,M (2657)-Cheparinov,I (2703) Kocaeli 2017}) 6. Nf3 {B12: Caro-Kann: Advance Variation} Nd7 {[#]} (6... Bxc5 $11 7. b4 Bb6) 7. b4 $1 $16 a5 8. c3 (8. Nc3 $16) 8... Ne7 9. Bb5 Ng6 10. O-O $146 {Bb2 is the strong threat.} ({Predecessor:} 10. Be3 axb4 11. cxb4 Ngxe5 12. O-O Nc6 {1-0 (34) Bae,T (2408)-Gabrielsen,T (2309) Bergen 2009}) 10... Be7 11. Re1 O-O 12. Qe2 b6 13. Bxd7 (13. c6 {seems wilder.} Nb8 14. h4 f6 15. exf6 Bxf6 16. h5) 13... Bxd7 14. cxb6 Qxb6 {[%cal Ra5b4]} 15. Be3 Qb8 {[%cal Ra5b4]} 16. Bd4 axb4 17. cxb4 Rc8 18. Nbd2 Rc2 19. Qe3 Ba4 20. Reb1 Qb5 21. Ne1 Rc6 22. Nd3 (22. Ndf3 $14) 22... h6 (22... Bc2 $15 23. Rc1 Bxd3 24. Rxc6 Qxc6 25. Qxd3 Bxb4 26. axb4 Rxa1+ 27. Bxa1 Qc1+ 28. Qf1 Qxd2) 23. g3 ({White should play} 23. Nf3 $14) 23... Rca6 (23... Bc2 $1 $11 24. Rc1 Bxd3 25. Rxc6 Qxc6 26. Qxd3 Bxb4) 24. Rc1 Qb8 25. Nc5 Bxc5 26. Rxc5 ({Don't play} 26. Bxc5 $6 Qxe5 27. Qd3 Qb8 $11) 26... Ne7 27. Bb2 d4 (27... Nc8 $142) 28. Qxd4 Qb6 (28... Rc6 $16 {was called for.} 29. Ne4 Nf5) 29. Nc4 $18 Qb7 30. Nd6 Qf3 31. Qe3 Qh5 32. b5 Ra5 $2 {[#]} (32... Rb6 33. Qe4 Nd5) 33. Rac1 Nf5 34. Qd3 Ne7 35. Rc7 Nd5 36. Rc8+ {Precision: White = 50%, Black = 26%.} 1-0

[Event "ESP-ch Seniors 2017"]
[Site "Altea"]
[Date "2017.10.13"]
[Round "7"]
[White "Sabater Sanchez, Asensio"]
[Black "Serrano Marhuenda, Salvador"]
[Result "1-0"]
[WhiteElo "2149"]
[BlackElo "2012"]
[Annotator "TA"]
[PlyCount "101"]
[EventDate "2017.??.??"]
[EventType "swiss"]
[EventCountry "ESP"]
[SourceTitle "playchess.com"]
[Source "ChessBase"]
[SourceQuality "1"]

{[%evp 9,101,14,46,45,39,18,20,18,18,21,15,10,16,25,24,8,20,15,25,16,19,19,33,16,9,9,16,8,55,58,90,78,92,92,93,84,95,83,84,87,97,88,94,93,97,54,54,60,68,56,71,65,104,84,104,73,95,81,120,95,120,95,102,71,94,73,102,13,152,145,145,134,145,135,145,145,145,145,903,850,898,850,816,775,1016,1030,998,927,1192,1184,1558,1509,1639,1608]} 1. d4 Nf6 2. Bg5 Ne4 3. Bf4 d5 4. e3 e6 5. Bd3 f5 {LiveBook: 4 Games} (5... Bd6 6. Bxe4 Bxf4 7. exf4 dxe4 8. Nc3 Nc6 9. Nge2 f5 10. Qd2 O-O 11. O-O-O a5 12. h3 a4 13. a3 b5 {½-½ (58) Vitiugov,N (2726)-Grandelius,N (2643) Doha 2016}) 6. Nf3 {A45: Trompowsky Attack} Bd6 7. Bxd6 (7. c4 {is more complex.} O-O 8. Bxd6 Qxd6 9. O-O b6 10. Nc3) 7... cxd6 8. O-O {The position is equal.} O-O 9. c4 dxc4 10. Bxc4 d5 11. Bd3 Nc6 $146 ({Predecessor:} 11... a6 12. Qb3 Nc6 13. a4 Bd7 14. Nbd2 {1-0 (53) Thoma,R (2342)-Scholes,J (2103) Sibenik 2014}) 12. a3 a6 13. Nbd2 Qd6 14. Rc1 Bd7 15. Nb3 Be8 16. Nc5 Nxc5 17. dxc5 Qe7 18. Nd4 Nxd4 19. exd4 Qh4 20. f4 Qf6 21. Be2 Bc6 22. Qd2 Kh8 23. Bf3 Rg8 24. Rce1 Rae8 25. Qe3 Re7 26. g3 g6 27. Qe5 (27. Qd2 {feels hotter.} h6 28. Re5 g5 29. Rfe1 g4 30. Bd1) 27... Qxe5 28. Rxe5 Kg7 29. Re3 h5 30. h4 Kf6 31. Be2 Ra8 32. b4 Ree8 33. Ra1 Ra7 34. Kf2 Rea8 35. Ke1 Rb8 36. Rc3 Ba4 37. Bd1 Bd7 38. a4 (38. Rb1 $16) 38... Rba8 (38... b6 $1 $11 {keeps the balance.}) 39. Kd2 Be8 40. Kc1 Bd7 41. Kb2 Ke7 42. Be2 Kd8 43. Rca3 Kc7 $2 {[%mdl 8192] [#]} (43... Rb8 $16 44. b5 Ke7) 44. b5 $1 $18 {White is clearly winning.} axb5 45. axb5 {[%cal Ba4b5,Bb5b6][%mdl 32]} Rxa3 46. b6+ ({Weaker is} 46. Rxa3 Rb8 $16) 46... Kc8 47. Rxa3 {[%cal Ra3a8]} Rb8 48. Kc3 Bc6 49. Kb4 Kd8 50. Bb5 Kd7 51. Ra7 {Precision: White = 44%, Black = 27%.} 1-0

[Event "ESP-ch Seniors 2017"]
[Site "Altea"]
[Date "2017.10.13"]
[Round "7"]
[White "Fos Santacreu, Juan Andres"]
[Black "Sarto Ramos, Angel"]
[Result "1-0"]
[WhiteElo "2140"]
[BlackElo "1909"]
[Annotator "TA"]
[PlyCount "87"]
[EventDate "2017.??.??"]
[EventType "swiss"]
[EventCountry "ESP"]
[SourceTitle "playchess.com"]
[Source "ChessBase"]
[SourceQuality "1"]

{[%evp 19,87,9,60,-12,91,19,77,11,162,95,137,104,135,94,87,71,106,62,118,118,120,134,147,90,145,89,110,100,94,77,89,81,183,173,176,169,170,143,172,186,261,179,289,290,304,312,342,342,342,342,684,666,967,966,1235,1178,1072,910,29991,29992,29992,29993,29994,29995,29995,29996,29996,29997,29997,1299]} 1. c4 Nf6 2. Nc3 g6 3. g3 Bg7 4. Bg2 O-O 5. d3 c6 6. e4 d6 7. Nge2 Na6 {A16: Englische Eröffnung} (7... c5 8. h3 Nc6 9. Be3 e5 10. O-O Nd4 11. f4 Ne8 12. Nd5 Nc7 13. g4 Nxe2+ 14. Qxe2 exf4 15. Bxf4 {0-1 (49) Rakhmanov,A (2669)-Murzin,V (2280) Sochi 2017}) 8. O-O Nc7 9. d4 e5 10. d5 c5 {LiveBook: 3 Partien} (10... cxd5 $11 11. exd5 Bf5) 11. f4 (11. Bg5 $14) 11... Nfe8 (11... exf4 $11 {bleibt in der Remisbreite.} 12. Nxf4 (12. Bxf4 Ng4 $11) 12... Ng4) 12. Be3 $146 (12. f5 $16) ({Vorgänger:} 12. f5 a6 13. a4 b6 14. Be3 g5 15. Qd2 h6 16. h4 Bf6 17. Kf2 {1-0 (47) Meenakshi,S (2273)-Lomibao,J (2126) Kuala Lumpur 2005}) 12... b6 (12... exf4 $11 13. Bxf4 (13. Nxf4 Nf6 $14) (13. gxf4 f5 $11) (13. Rxf4 Nf6 $11) 13... Nf6) 13. Qd2 (13. f5 $16) 13... f6 $2 (13... exf4 $11 14. Bxf4 (14. Nxf4 Ba6 $11) (14. gxf4 f5 $11) (14. Rxf4 Ba6 $14) 14... Ba6) 14. b3 ({Besser ist} 14. f5 $18) 14... Bd7 15. Rf2 Qe7 16. Rd1 Bh6 17. h3 Ng7 18. Rdf1 Rae8 (18... f5 $14) 19. f5 $16 Bxe3 20. Qxe3 g5 {[#]} 21. Bf3 ({Lieber} 21. h4 $1) 21... b5 {[#]} (21... h5 $142) 22. cxb5 (22. h4 $142 $1) 22... Nxb5 23. Nxb5 Bxb5 24. Rc1 Rb8 25. h4 h6 (25... gxh4 $16 {war nötig.} 26. gxh4 Ne8) 26. Rh2 $18 Kf7 27. Kf2 Ke8 28. Qc3 Bxe2 29. Bxe2 Rb4 (29... Qb7 $142 30. hxg5 hxg5) 30. Bc4 g4 (30... h5 $142 31. hxg5 fxg5) 31. h5 Qd7 32. Qd2 Nxf5 33. exf5 Qxf5+ 34. Kg1 Qf3 $2 (34... Qg5 35. Qxg5 fxg5) 35. Rg2 Rb7 36. Bd3 Ke7 37. Bg6 f5 38. Qxh6 {Schwarz muss nun Dg7+ beachten.} f4 39. Qg7+ {Weiß setzt Matt.} Kd8 40. Qxf8+ Kc7 41. Qe7+ Kb6 42. Qxd6+ Ka5 43. Rxc5+ Rb5 44. Rxb5+ {Precision: Weiß = 51%, Schwarz = 17%.} 1-0

[Event "ESP-ch Seniors 2017"]
[Site "Altea"]
[Date "2017.10.13"]
[Round "7"]
[White "Dominguez Rueda, Juan"]
[Black "Serra Olives, Tomas"]
[Result "0-1"]
[WhiteElo "2135"]
[BlackElo "2146"]
[Annotator "TA"]
[PlyCount "116"]
[EventDate "2017.??.??"]
[EventType "swiss"]
[EventCountry "ESP"]
[SourceTitle "playchess.com"]
[Source "ChessBase"]
[SourceQuality "1"]

{[%evp 22,116,51,32,73,0,8,0,23,12,18,7,18,13,22,16,26,22,53,0,0,-34,-27,-45,-47,-59,-39,-129,-100,-91,-71,-90,-88,-74,-67,-73,-73,-64,-84,-75,-61,-85,0,-93,-78,-79,-82,-139,-149,-147,-140,-149,-95,-96,-102,-82,-108,-137,-112,-129,-118,-227,-19,-195,-194,-279,-34,-202,0,0,-6,-1364,-1079,-1735,-1575,-1656,-1647,-12839,-12839,-12840,-12841,-12841,-12841,-12842,-12842,-12841,-12842,-12844,-12844,-12845,-12845,-12847,-12845,-12845,-12846,-12846,-12846]} 1. e4 c5 2. Nf3 Nc6 3. d4 cxd4 4. Nxd4 Nf6 5. Nc3 e5 6. Ndb5 d6 7. Bg5 a6 8. Na3 b5 9. Nd5 Be7 10. Bxf6 Bxf6 11. c3 Be6 12. Nc2 Bg5 {[#] B33: Sicilian: Pelikan and Sveshnikov Variations} 13. Nce3 (13. h4 $1 $16 {[%mdl 512]} Bh6 (13... Bxh4 14. a4) 14. a4) (13. a4 bxa4 14. Rxa4 a5 15. Bb5 Bd7 16. O-O O-O 17. b4 axb4 18. Rxa8 Qxa8 19. Ncxb4 Nxb4 20. Bxd7 Nxd5 21. Qxd5 Qa3 {½-½ (21) Zhou,S (2234)-Siebarth,R (2388) playchess.com INT 2011}) 13... Ne7 $11 14. a4 Bxe3 {The position is equal.} 15. Nxe3 Rb8 16. axb5 axb5 17. Be2 O-O 18. O-O Qb6 $146 ({Predecessor:} 18... d5 19. exd5 Nxd5 20. Nxd5 Bxd5 {1-0 (30) Savchenko,V (1998)-Figura,L (2191) Dagomys 2004}) 19. Bg4 Kh8 20. Nf5 (20. Bxe6 $14 fxe6 21. Qe2) 20... Bxf5 21. exf5 d5 22. Bh3 b4 23. Qe2 f6 24. Ra2 (24. c4 $15) 24... bxc3 25. bxc3 Qc5 26. Rc2 Rb3 27. Rfc1 Rfb8 28. g3 Rb1 29. Qd1 Rxc1 30. Rxc1 Rb2 31. Qe1 e4 {[#]} (31... h6 $17) 32. Ra1 (32. c4 $1 $11 {[%mdl 512] remains equal.}) 32... Kg8 33. Bg4 Kf7 $36 {[%mdl 2048] Black is on the roll.} 34. Bh5+ (34. Qe3 $142 Qxe3 35. fxe3) 34... g6 $17 35. fxg6+ hxg6 36. Be2 Rc2 ({Black should try} 36... e3 37. f4 Nf5) 37. Rc1 Rxc1 38. Qxc1 d4 {[%cal Bd5d4,Bd4d3][%mdl 32]} 39. c4 d3 40. Bd1 Kg7 41. h4 {[#]} (41. Kg2 $17) 41... Nc6 $2 (41... Nf5 $1 $19 {Strongly threatening ...e3.} 42. Bg4 Nd6) 42. h5 $2 (42. Qf4 $11 {and White is okay.}) 42... gxh5 43. Qb2 (43. Qf4 {was called for.}) 43... Qe5 $2 ({Black should play} 43... e3 $19 {aiming for ...Ne5.} 44. fxe3 Qxe3+ 45. Kf1 Qe4 46. Qb7+ Kg6) 44. Qb5 $2 {[#]} (44. Qb7+ $1 $15 Ne7 45. Kf1) 44... Nd4 $2 (44... Qa1 $1 $19 {[%cal Ra1d1]} 45. Qa4 Qc1) 45. Qxe5 $11 fxe5 {[%mdl 4096] Endgame KB-KN} 46. c5 $2 {[%mdl 8192]} (46. Bxh5 $11 Nf3+ 47. Kf1 Nd2+ 48. Ke1 Nxc4 49. Be8) 46... Kf6 $19 {Black is clearly winning.} 47. Bxh5 Ke6 48. Bd1 Kd5 49. g4 Kxc5 50. Kf1 Nf3 51. Kg2 Kd4 52. Kg3 Kc3 53. Ba4 d2 54. g5 Nxg5 55. Kg4 Nf3 56. Kf5 Kd4 57. Kg4 Ne1 58. Bd1 Nd3 {Precision: White = 33%, Black = 55%.} 0-1

[Event "ESP-ch Seniors 2017"]
[Site "Altea"]
[Date "2017.10.13"]
[Round "7"]
[White "Lloret Ramis, Juan Jose"]
[Black "Lloret Climent, Miguel"]
[Result "1/2-1/2"]
[WhiteElo "2120"]
[BlackElo "1950"]
[Annotator "NA"]
[PlyCount "41"]
[EventDate "2017.??.??"]
[EventType "swiss"]
[EventCountry "ESP"]
[SourceTitle "playchess.com"]
[Source "ChessBase"]
[SourceQuality "1"]
[TimeControl "5400+30"]

1. c4 Nf6 2. Nc3 {[%emt 0:00:28]} e6 {[%emt 0:00:44]} 3. e4 {[%emt 0:00:10]} c5 {[%emt 0:00:07]} 4. e5 {[%emt 0:00:47]} Ng8 {[%emt 0:00:15]} 5. Nf3 {[%emt 0:00:13]} Nc6 {[%emt 0:00:16]} 6. d4 {[%emt 0:00:12]} cxd4 {[%emt 0:00:54]} 7. Nxd4 {[%emt 0:00:09]} Nxe5 {[%emt 0:00:36]} 8. Ndb5 {[%emt 0:00:55]} f6 {[%emt 0:00:42]} 9. Be3 {[%emt 0:01:45]} a6 {[%emt 0:01:05]} 10. Nd6+ {[%emt 0:00:15]} Bxd6 {[%emt 0:00:30]} 11. Qxd6 {[%emt 0:00:04]} Ne7 {[%emt 0:00:51]} 12. Bb6 {[%emt 0:02:02]} Nf5 {[%emt 0:00:22]} 13. Bxd8 {[%emt 0:00:09]} Nxd6 {[%emt 0:00:20]} 14. Bc7 {[%emt 0:00:04]} Ke7 {[%emt 0:09:02]} 15. c5 {[%emt 0:00:18]} Ne8 {[%emt 0:05:59]} 16. Bb6 {[%emt 0:00:15]} d5 {[%emt 0:05:34]} 17. cxd6+ {[%emt 0:00:17]} Nxd6 {[%emt 0:01:42]} 18. Bc5 {[%emt 0:00:14]} Nef7 {[%emt 0:01:47]} 19. O-O-O {[%emt 0:12:42]} Rd8 {[%emt 0:02:23]} 20. g3 {[%emt 0:22:02]} Bd7 {[%emt 0:06:35]} 21. Bh3 {[%emt 0:13:01]} 1/2-1/2

[Event "ESP-ch Seniors 2017"]
[Site "Altea"]
[Date "2017.10.13"]
[Round "7"]
[White "Acebal Muniz, Antonio"]
[Black "Nunez Munoz, Jesus"]
[Result "1/2-1/2"]
[WhiteElo "2091"]
[BlackElo "2199"]
[Annotator "TA"]
[PlyCount "83"]
[EventDate "2017.??.??"]
[EventType "swiss"]
[EventCountry "ESP"]
[SourceTitle "playchess.com"]
[Source "ChessBase"]
[SourceQuality "1"]

{[%evp 24,83,37,10,56,37,46,51,54,41,50,-19,-18,-19,-19,-19,-19,-12,-1,-19,-19,-12,0,0,0,-3,0,-25,-4,-12,-18,-9,0,-8,-14,-16,-12,-6,0,-6,4,4,0,8,27,7,12,0,3,0,6,8,12,18,23,23,24,23,26,0,0,0]} 1. Nf3 Nf6 2. c4 e6 3. Nc3 Bb4 4. Qc2 O-O 5. a3 Bxc3 6. Qxc3 b6 7. b4 Bb7 8. Bb2 d6 9. g3 Nbd7 10. Bg2 Qe7 11. O-O c5 12. d3 Rfc8 {A17: English Opening: 1...Nf6 with ...Bb4} 13. Qd2 {LiveBook: 5 Games} (13. b5 d5 14. a4 a6 15. e4 Qf8 16. Rfe1 axb5 17. axb5 Rxa1 18. Bxa1 Ra8 19. Bb2 dxc4 20. Qxc4 {0-1 (42) Van Wely,L (2697)-Kramnik,V (2809) Monte Carlo 2002}) 13... Rd8 $146 ({Predecessor:} 13... Rc7 14. e4 d5 15. exd5 exd5 16. Qf4 Qd8 17. Nh4 d4 18. Bxb7 Rxb7 19. Nf5 Nf8 20. Rfe1 {1-0 (36) Cramling,P (2523)-Kovanova,B (2385) Nalchik 2010}) 14. Rac1 Rac8 {White is slightly better.} 15. e4 a6 16. Rfe1 b5 17. Rc2 (17. Nh4 $14) 17... bxc4 $11 18. Rxc4 d5 19. exd5 Bxd5 20. Rcc1 cxb4 21. Qxb4 Qxb4 22. axb4 Rb8 23. Bc3 h6 24. Ra1 Rb6 25. Rec1 Rc8 26. Bd2 Rxc1+ 27. Rxc1 Rc6 28. Rxc6 Bxc6 29. Kf1 Kf8 30. Ke2 Ke7 31. Bf1 Bd5 32. Nd4 Ng4 33. h4 Nge5 34. f3 Nc6 35. Nxc6+ (35. Bc3 {looks sharper.} f6 36. f4 Nb6 37. Kf2 Na8 38. Be2) 35... Bxc6 {[%mdl 4096] Endgame KBB-KBN} 36. Bc3 f6 37. Bd4 Kd6 38. f4 Bd5 39. Kd2 Kc6 40. Kc3 Nb6 41. Bxb6 Kxb6 42. d4 {Precision: White = 60%, Black = 46%.} 1/2-1/2

[Event "ESP-ch Seniors 2017"]
[Site "Altea"]
[Date "2017.10.13"]
[Round "7"]
[White "Fernandez Perez, Josep"]
[Black "Buxade Roca, Guillermo"]
[Result "1/2-1/2"]
[WhiteElo "2045"]
[BlackElo "2025"]
[Annotator "NA"]
[PlyCount "36"]
[EventDate "2017.??.??"]
[EventType "swiss"]
[EventCountry "ESP"]
[SourceTitle "playchess.com"]
[Source "ChessBase"]
[SourceQuality "1"]
[TimeControl "5400+30"]

1. e4 {[%emt 0:00:00]} c5 {[%emt 0:00:11]} 2. Nf3 {[%emt 0:00:31]} Nc6 {[%emt 0:00:32]} 3. d4 {[%emt 0:00:38]} cxd4 {[%emt 0:00:33]} 4. Nxd4 {[%emt 0:00:18]} Nf6 {[%emt 0:00:56]} 5. Nc3 {[%emt 0:00:48]} e5 {[%emt 0:00:44]} 6. Ndb5 {[%emt 0:01:12]} d6 {[%emt 0:01:12]} 7. Bg5 {[%emt 0:01:37]} a6 {[%emt 0:01:13]} 8. Na3 {[%emt 0:00:19]} b5 {[%emt 0:01:33]} 9. Nd5 {[%emt 0:01:37]} Be7 {[%emt 0:01:00]} 10. Bxf6 {[%emt 0:01:28]} Bxf6 {[%emt 0:00:24]} 11. c4 {[%emt 0:01:14]} b4 {[%emt 0:02:10]} 12. Nc2 {[%emt 0:02:50]} a5 {[%emt 0:01:13]} 13. g3 {[%emt 0:02:07]} g6 {[%emt 0:03:09]} 14. Bg2 {[%emt 0:04:09]} Bg7 {[%emt 0:00:39]} 15. O-O {[%emt 0:00:39]} O-O {[%emt 0:00:32]} 16. Qd3 {[%emt 0:02:53]} Be6 {[%emt 0:01:13]} 17. Rad1 {[%emt 0:01:30]} Rc8 {[%emt 0:01:57]} 18. b3 {[%emt 0:03:42]} Bxd5 1/2-1/2